Yen! (Record no. 1115148)

MARC details
000 -LEADER
fixed length control field 00711nam a2200253Ia 4500
003 - CONTROL NUMBER IDENTIFIER
control field OSt
005 - DATE AND TIME OF LATEST TRANSACTION
control field 20221006161007.0
008 - FIXED-LENGTH DATA ELEMENTS--GENERAL INFORMATION
fixed length control field 221006b |||||||| |||| 00| 0 eng d
020 ## - INTERNATIONAL STANDARD BOOK NUMBER
International Standard Book Number 9780671647636
037 ## - SOURCE OF ACQUISITION
Terms of availability Textual
040 ## - CATALOGING SOURCE
Original cataloging agency EASL
Transcribing agency EASL
Language of cataloging eng
041 ## - LANGUAGE CODE
Source of code eng
Language code of text/sound track or separate title eng
100 ## - MAIN ENTRY--PERSONAL NAME
Personal name BURSTEIN Daniel
9 (RLIN) 675648
245 #0 - TITLE STATEMENT
Title Yen!
Remainder of title Japan's new financial empire and its threat to America
260 ## - PUBLICATION, DISTRIBUTION, ETC.
Place of publication, distribution, etc. New York
Name of publisher, distributor, etc. Simon and Schuster
Date of publication, distribution, etc. 1988
300 ## - PHYSICAL DESCRIPTION
Extent 335p.
Dimensions cm.
490 ## - SERIES STATEMENT
Volume/sequential designation JEL
942 ## - ADDED ENTRY ELEMENTS (KOHA)
Classification part V42:1973,(X56).P, M8
Koha item type Textual
Source of classification or shelving scheme Colon Classification (CC)
Holdings
Withdrawn status Lost status Source of classification or shelving scheme Damaged status Not for loan Home library Current library Date acquired Serial Enumeration / chronology Total Checkouts Full call number Barcode Date last seen Price effective from Koha item type
    Colon Classification (CC)     Department of East Asian Studies Library Department of East Asian Studies Library 2022-10-06 JEL   V42:1973,(X56).P M8 EA1604388 2022-10-06 2022-10-06 Textual
Copyright @ Delhi University Library System